=LDR 00000nam 2200000 4500 =001 000264 =005 20250710122929 =035 ##$$a 0010-0725000099 =245 1#$$a Happy dan cerita si merak /$c Will parsley =100 #$$a Will parsley =250 ##$$a Cetakan pertama =300 ##$$a 16 hlm. : $b Ilus. ; $c 22,9 cm =856 ##$$a TBM As suhada =260 ##$$a Rawamangun :$b Will parsley,$c 20022 =082 ##$$a 398.209 598 =084 ##$$a 398.209 598 WIL h =020 ##$$a 978-623-472-535-3 =650 #4$$a Cerita anak indonesia-terjemahan